000 00608cam a22002053a 4500
001 39895
003 PGUSA
005 20140828083905.0
008 120602s2012||||xxu|||||s|||||000 | eng d
040 _aPGUSA
_beng
042 _adc
100 1 _aClark, Gordon
245 1 4 _aThe Church of St. Bunco :
_bA Drastic Treatment of a Copyrighted Religion
_h[electronic resource] /
_cGordon Clark
260 _bProject Gutenberg,
_c2012
506 _aPublic domain in the USA.
516 _aElectronic text
830 0 _aProject Gutenberg
_v39895
856 4 0 _uhttp://www.gutenberg.org/ebooks/39895
942 _cEB
999 _c269148
_d269148